Plant nurseries : (Record no. 123098)

MARC details
000 -LEADER
fixed length control field 00681nam a22002297a 4500
005 - DATE AND TIME OF LATEST TRANSACTION
control field 20170124105920.0
010 ## - LIBRARY OF CONGRESS CONTROL NUMBER
LC control number A-779430
020 ## - INTERNATIONAL STANDARD BOOK NUMBER
International Standard Book Number 817387042
Terms of availability 00.00
035 ## - SYSTEM CONTROL NUMBER
System control number A-779430
037 ## - SOURCE OF ACQUISITION
Source of stock number/acquisition Cen Lib/Ret
040 ## - CATALOGING SOURCE
Original cataloging agency DPL
Language of cataloging EN
082 ## - DEWEY DECIMAL CLASSIFICATION NUMBER
Classification number 631.52
Item number SHA
100 ## - MAIN ENTRY--PERSONAL NAME
Personal name Sharma, V. K.
9 (RLIN) 4126
245 ## - TITLE STATEMENT
Title Plant nurseries :
Statement of responsibility, etc by V. K. Sharma
Remainder of title technique, production and management /
260 ## - PUBLICATION, DISTRIBUTION, ETC. (IMPRINT)
Place of publication, distribution, etc New Delhi
Name of publisher, distributor, etc Indus Publishing
Date of publication, distribution, etc 1996
270 ## - ADDRESS
Address FS-5, Tagore Garden
City New Delhi
Postal code 110027
300 ## - PHYSICAL DESCRIPTION
Extent 200p.
Dimensions 22cm(Hb)
650 ## - SUBJECT ADDED ENTRY--TOPICAL TERM
Topical term or geographic name as entry element Gardening -- Horticulture
9 (RLIN) 4127
650 ## - SUBJECT ADDED ENTRY--TOPICAL TERM
Topical term or geographic name as entry element Floriculture
9 (RLIN) 4128
700 ## - ADDED ENTRY--PERSONAL NAME
Personal name
9 (RLIN) 71974
942 ## - ADDED ENTRY ELEMENTS (KOHA)
Source of classification or shelving scheme Dewey Decimal Classification
Koha item type English Books
Classification part 631.52
Call number suffix SHA
Holdings
Withdrawn status Lost status Damaged status Not for loan Home library Current library Date acquired Source of acquisition Cost, normal purchase price Total Checkouts Full call number Barcode Date last seen Copy number Cost, replacement price Price effective from Koha item type Public note
Written off       Central Library Central Library 02/06/2015 Cen Lib/Ret 0.00   631.52 SHA A-779430 02/06/2015 1 0.00 02/06/2015 English Books Written off on approval by DLB (By Circulation); dtd 15-06-2023

© Delhi Public Library
Hit Counter
free hit counter